| 000 | 01040cam a22002897a 4500 | ||
|---|---|---|---|
| 005 | 20220329141148.0 | ||
| 008 | 971010s r 00010 d | ||
| 010 | _a63659 | ||
| 011 | _a64631 | ||
| 035 | _a70534 | ||
| 090 | _aR-49 | ||
| 100 | 0 | 0 |
_aGrove, Thurman L. _950835 |
| 245 | 0 | _aRelating nutrient and water uptake models to biotic interactions, nutrient cycling and plant growth | |
| 500 | _aSobretiro de: Agriculture, Ecosystems and Environment 24: 361-368, 1988. | ||
| 590 |
_aBATCH-UPD _b10 _c20130110 _lUCH01 _h0207 |
||
| 590 |
_aBATCH-UPD _b10 _c20130110 _lUCH01 _h0810 |
||
| 590 |
_aBATCH-UPD _b10 _c20130410 _lUCH01 _h1031 |
||
| 590 |
_aBATCH-UPD _b10 _c20130914 _lUCH01 _h0745 |
||
| 590 |
_aCONVERSION _b10 _c20130109 _lUCH01 _h1334 |
||
| 650 | 1 | 4 |
_aDiagnóstico foliar. _932394 |
| 650 | 1 | 4 |
_aPlantas _xCrecimiento _xAditivos. _988804 |
| 650 | 1 | 4 |
_aPlantas _xEfecto del medio ambiente. _988821 |
| 700 | 0 |
_aBouldin, D. R. _914754 |
|
| 700 | 0 |
_aRiha, S. J. _997417 |
|
| 901 | _aBK | ||
| 949 |
_aR-49 _bZA _cLIBRO _d-2890 _eTS1 _i70534 _si |
||
| 999 |
_c63659 _d63659 |
||